000
00273nam a22001097a 4500
999
_c
65295
_d
65292
082
_a
297.322 ت ن ز
100
_a
ڈاکٹر تنزیل الرحمان
245
_a
مجموعہ قوانین اسلام
260
_a
اسلام اباد
300
_a
I R P
942
_c
BK